书目信息 |
| 题名: |
企业纳税会计
|
|
| 作者: | 刘学华 主编 | |
| 分册: | ||
| 出版信息: | 北京 新华出版社 1995 |
|
| 页数: | 392页 | |
| 开本: | 20cm | |
| 丛书名: | ||
| 单 册: | ||
| 中图分类: | F275.2 , F810.42 | |
| 科图分类: | 29.1547 | |
| 主题词: | 税收会计-企业 , 企业-税收会计 | |
| 电子资源: | ||
| ISBN: | 7-5011-2884-7 | |
| 000 | 00690nam0 2200253 45 | |
| 001 | 0198024739 | |
| 005 | 20070721091447.04 | |
| 010 | @a7-5011-2884-7@dCNY17.50 | |
| 100 | @a19980506d1995 em y0chiy0121 ea | |
| 101 | 0 | @achi |
| 102 | @aCN@b110000 | |
| 105 | @ay z 000yy | |
| 200 | 10 | @a企业纳税会计@Aqi ye na shui kuai ji@f刘学华等主编@Fliu xue hua deng zhu bian |
| 210 | @a北京@c新华出版社@d1995 | |
| 215 | @a392页@d20cm | |
| 300 | @a经贸教材系列 | |
| 606 | @a税收会计-企业 | |
| 606 | @a企业-税收会计 | |
| 690 | @aF275.2@v3 | |
| 690 | @aF810.42@v3 | |
| 692 | @a29.1547@v2 | |
| 701 | 0 | @a刘学华@Aliu xue hua@4主编 |
| 801 | 0 | @aCN@bTSSF@c20070721 |
| 905 | @a10447@dF275.2@e591 | |
| 企业纳税会计/刘学华等主编.-北京:新华出版社,1995 |
| 392页;20cm |
| 经贸教材系列 |
| ISBN 7-5011-2884-7:CNY17.50 |
| ● |
| 相关链接 |
|
|
|
|
正题名:企业纳税会计
索取号:F275.2/591
 
预约/预借
| 序号 | 登录号 | 条形码 | 馆藏地/架位号 | 状态 | 备注 |
| 1 | 0768243 | 207682435 | 第一样本阅览室/ [索取号:F275.2/591] | 在馆 |